К вопросу о происхождении лёсса. (В защиту эоловой гипотезы): с 1 таблицей; Известия Томского Технологического Института [Известия ТТИ]; Т. 23, № 3

Bibliografiske detaljer
Parent link:Известия Томского Технологического Института [Известия ТТИ]/ Томский технологический институт (ТТИ).— , 1903-1925
Т. 23, № 3.— 1911
Hovedforfatter: Обручев В. А. Владимир Афанасьевич
Summary:Заглавие с титульного листа
Электронная версия печатной публикации
Sprog:russisk
Udgivet: 1911
Fag:
Online adgang:Черно-белая версия для предварительного просмотра
Цветная версия без потери качества
Format: MixedMaterials Electronisk Book Chapter
KOHA link:https://koha.lib.tpu.ru/cgi-bin/koha/opac-detail.pl?biblionumber=170548

MARC

LEADER 00000nla2a2200000 4500
001 170548
005 20231031163723.0
035 |a (RuTPU)RU\TPU\book\184953 
035 |a RU\TPU\book\184950 
090 |a 170548 
100 |a 20091124d1911 k y0rusy50 ca 
101 0 |a rus 
102 |a RU 
135 |a drnn ---uucaa 
181 0 |a i  
182 0 |a b 
200 1 |a К вопросу о происхождении лёсса. (В защиту эоловой гипотезы)  |b Электронный ресурс  |e с 1 таблицей  |f В. А. Обручев 
203 |a Текст  |c электронный 
215 |a 2 файла (3 Мб, 63.4 Мб) 
230 |a Электронные текстовые данные (2 файла : 3 Мб, 63.4 Мб) 
300 |a Заглавие с титульного листа 
300 |a Электронная версия печатной публикации 
337 |a Adobe Reader 
461 1 |0 (RuTPU)RU\TPU\book\165999  |t Известия Томского Технологического Института [Известия ТТИ]  |f Томский технологический институт (ТТИ)  |d 1903-1925 
463 1 |0 (RuTPU)RU\TPU\book\184947  |t Т. 23, № 3  |d 1911  |p 325 с. 
610 1 |a электронный ресурс 
610 1 |a труды учёных ТПУ 
700 1 |a Обручев  |b В. А.  |c российский геолог  |c профессор Томского технологического института  |c исследователь Сибири, Центральной и Средней Азии  |c географ  |f 1863-1956  |g Владимир Афанасьевич  |2 stltpush  |3 (RuTPU)RU\TPU\pers\996 
801 1 |a RU  |b 63413507  |c 20090320  |g PSBO 
801 2 |a RU  |b 63413507  |c 20130926  |g PSBO 
856 4 |u http://www.lib.tpu.ru/fulltext/v/Bulletin_TPU/1911/v23/a2_bw.pdf  |z Черно-белая версия для предварительного просмотра 
856 4 |u http://www.lib.tpu.ru/fulltext/v/Bulletin_TPU/1911/v23/a2_full.pdf  |z Цветная версия без потери качества 
942 |c CF